Tạp văn Nguyễn Ngọc Tư
Uloženo v:
| Hlavní autor: | |
|---|---|
| Médium: | Kniha |
| Jazyk: | Undetermined |
| Vydáno: |
Thành phố Hồ Chí Minh
Trẻ
2013
|
| Témata: | |
| Tagy: |
Přidat tag
Žádné tagy, Buďte první, kdo otaguje tento záznam!
|
| Thư viện lưu trữ: | Trung tâm Học liệu Trường Đại học Cần Thơ |
|---|
| LEADER | 00575nam a2200193Ia 4500 | ||
|---|---|---|---|
| 001 | CTU_194085 | ||
| 008 | 210402s9999 xx 000 0 und d | ||
| 020 | |c 42000 | ||
| 082 | |a 895.9228034 | ||
| 082 | |b T550 | ||
| 100 | |a Nguyễn, Ngọc Tư | ||
| 245 | 0 | |a Tạp văn Nguyễn Ngọc Tư | |
| 245 | 0 | |c Nguyễn Ngọc Tư | |
| 260 | |a Thành phố Hồ Chí Minh | ||
| 260 | |b Trẻ | ||
| 260 | |c 2013 | ||
| 650 | |a Vietnamese fiction,Nguyễn Ngọc Tư | ||
| 650 | |x Identifiable literary | ||
| 980 | |a Trung tâm Học liệu Trường Đại học Cần Thơ | ||